Представление документа в формате RUSMARC

ПолеНазваниеЗначение
  Тип записи a
  Библиографический уровень a
001 Контрольный номер RU/CBS_UL/BASE/332f31a7f5aa4e608432a8b069b84c02
005 Дата корректировки 20240826135125.8
100 Данные общей обработки __
a Данные общей обработки 20240826 ||| 0rusy0189 ca
101 Язык документа 0_
a Язык текста rus
102 Страна публикации __
a Страна публикации RU
200 Заглавие и сведения об ответственности 1_
a Заглавие Нет земли краше, чем Родина наша
e Сведения, относящиеся к заглавию [из истории города Ульяновска]
300 Общие примечания __
a Общие примечания 0+
461 Уровень набора _0
1 2000
a Симбик
463 Уровень физической единицы _0
1 2000
a № 8
v С. 18-19 : фото
1 2101
d 2024
1 001RU/CBS_UL/BASE/0427c46f2a3745e18cf2a10ec5f757ee
606 Тематические рубрики 0_
a Основная рубрика Симбирск - Ульяновск, город - История
610 Ключевые слова 0_
a Ключевые слова история городов
610 Ключевые слова 0_
a Ключевые слова история местностей
610 Ключевые слова 0_
a Ключевые слова история Симбирска
610 Ключевые слова 0_
a Ключевые слова города
686 Индексы других классификаций __
2 Код системы rubbk
a Классификационный индекс 63.3(2Рос235.54)
801 Источник записи _0
a Страна RU
b Организация МБУК ЦБС г. Ульяновска
c Дата составления 20240826
g Правила каталогизации RCR
801 Источник записи _1
a Страна RU
b Организация МБУК ЦБС г. Ульяновска
c Дата составления 20240826
g Правила каталогизации RCR
901 Тип документа __
t Тип документа b
w Контрольный № источника RU/CBS_UL/BASE/0427c46f2a3745e18cf2a10ec5f757ee
909 Создатель записи __
a Создатель записи oibd1